Russes célèbres par images - Statistiques

Statistiques générales
  • Ce quiz a été pris 316 fois
  • Le résultat moyen est 9 sur 16
Statistiques - réponses
Par images Réponse % Correct
Vladimir Poutine
100%
Joseph Staline
96%
Vladimir Ilitch Lénine
88%
Youri Gagarine
82%
Grigori Raspoutine
78%
Mikhaïl Gorbatchev
78%
Nicolas II
66%
Ivan le terrible
51%
Catherine II
48%
Léon Tolstoï
47%
Leon Trotsky
44%
Maria Sharapova
42%
Khabib Nurmagomedov
30%
Ramzan Kadyrov
25%
Mstislav Rostropovitch
14%
Igor Stravinsky
11%
Aucun quiz correspondant
Distribution des résultats
% des personnes avec chaque résultat
Percentile par nombre de réponses
Votre historique - résultats
Vous n’avez pas pris ce quiz